NBA Top 25 All Time Scoring Leaders - Statistics

General Stats
  • This quiz has been taken 33 times
  • The average score is 19 of 25
Answer Stats
Hint Answer % Correct
1. 38,387 Kareem Abdul-Jabbar
100%
2. 36,928 Karl Malone
100%
4. 33,643 Kobe Bryant
100%
3. 35,367 Lebron James
100%
9. 27,409 Moses Malone
100%
5. 32,292 Michael Jordan
97%
8. 28,596 Shaquille O'Neal
97%
15. 26,496 Tim Duncan
93%
6. 31,560 Dirk Nowitzki
90%
12. 26,946 Hakeem Olajuwon
87%
22. 25,192 Jerry West
87%
7. 31.419 Wilt Chamberlain
87%
10. 27,370 Carmelo Anthony
80%
18. 26,071 Kevin Garnett
77%
16. 26,397 Paul Pierce
70%
25. 24,368 Allen Iverson
67%
23. 24,815 Patrick Ewing
60%
13. 26,710 Oscar Robertson
57%
17. 26,395 John Havlicek
53%
19. 25,728 Vince Carter
53%
11. 27,313 Elvin Hayes
50%
24. 24,505 Ray Allen
47%
20. 25,613 Alex English
43%
21. 25,279 Reggie Miller
43%
14. 26,668 Dominique Wilkens
20%
No matching quizzes found
Score Distribution
Percent of People with Each Score
Percentile by Number Answered
Your Score History
You have not taken this quiz